000 00473nam a2200145Ia 4500
008 240126s9999 xx 000 0 und d
041 _aEnglish
245 0 _aExpress Hospitality (Oct, 2005 - ) Formerly Express Hotelier & Caterer
260 _bIndian Express Press
_aMumbai
300 _a66
440 _aNULL
650 _aExpress,Hospitality,(Oct,,2005,-, , , , Formerl, Expres, Hotelie, , Caterer,Management,Hotel
650 _aManagement, Hotel
942 _cJN
999 _c266103
_d266103